[Event "Bay Area op"]
[Site "Santa Clara"]
[Date "2014.01.07"]
[Round "8"]
[White "Studen, Damir"]
[Black "Beilin, Allan"]
[Result "1/2-1/2"]
[WhiteElo "2285"]
[BlackElo "2054"]
[PlyCount "204"]
[EventDate "2014.01.02"]
[EventType "swiss"]
[EventRounds "9"]
[EventCountry "USA"]
[SourceTitle "CBM 158 Extra"]
[Source "ChessBase"]
[SourceDate "2014.02.28"]
[SourceVersion "1"]
[SourceVersionDate "2014.02.28"]
[SourceQuality "1"]

1. d4 Nf6 2. c4 g6 3. Nf3 Bg7 4. g3 0-0 5. Bg2 d6 6. 0-0 Nbd7 7. Nc3 e5 8. e4 exd4 9. Nxd4 c6 10. h3 Qe7 11. Re1 Rd8 12. f4 Nc5 13. Rb1 a5 14. b3 Ne6 15. Be3 Nxd4 16. Bxd4 Ne8 17. Re3 Qc7 18. Rd3 b6 19. Qd2 Bb7 20. Rd1 Rd7 21. Bxg7 Kxg7 22. e5 Rad8 23. Ne4 d5 24. Ng5 Re7 25. cxd5 cxd5 26. Qb2 Kg8 27. Bxd5 Bxd5 28. Rxd5 Qc5+ 29. R5d4 Rxd4 30. Rxd4 Rd7 31. Nf3 Nc7 32. Kg2 Rxd4 33. Qxd4 Qc2+ 34. Qd2 Qe4 35. Kf2 Ne6 36. Qe2 Qb1 37. Kg2 Kg7 38. Ng5 Nxg5 39. fxg5 Qc1 40. h4 Qa1 41. Kf3 Qd4 42. Qe3 Qa1 43. a4 Qf1+ 44. Ke4 Qf5+ 45. Kd4 Qd7+ 46. Kc3 Qc6+ 47. Kb2 Qg2+ 48. Ka3 Qf1 49. Qc3 Kg8 50. b4 axb4+ 51. Kxb4 Qb1+ 52. Kc4 Qf1+ 53. Qd3 Qa1 54. Kb5 Kg7 55. e6 Qe5+ 56. Kxb6 Qxe6+ 57. Kb5 Qe5+ 58. Kb4 Qb8+ 59. Ka3 Qf8+ 60. Ka2 Qb4 61. Qb3 Qc5 62. Qb5 Qc7 63. a5 Kg8 64. a6 Qxg3 65. Qe8+ Kg7 66. Qa4 Qf2+ 67. Ka3 Qg3+ 68. Kb2 Qf2+ 69. Kb3 Qg3+ 70. Kb4 Qxh4+ 71. Ka5 Qxg5+ 72. Qb5 Qd8+ 73. Qb6 Qd5+ 74. Kb4 Qd2+ 75. Kb5 Qd5+ 76. Qc5 Qd7+ 77. Kb6 Qd8+ 78. Qc7 Qd4+ 79. Qc5 Qd8+ 80. Kb5 Qd3+ 81. Qc4 Qd7+ 82. Kb4 Qd6+ 83. Kc3 Qa3+ 84. Kc2 Qe7 85. Qd4+ f6 86. a7 Qc7+ 87. Kd3 Qb7 88. Kc4 h5 89. Qa1 Qc6+ 90. Kd3 Qb5+ 91. Kc2 Qc5+ 92. Kd2 Qd5+ 93. Ke3 Qb3+ 94. Kd4 Qb6+ 95. Kd5 Qb5+ 96. Kd6 Qb6+ 97. Kd7 Qb7+ 98. Kd8 Qd5+ 99. Kc8 Qc6+ 100. Kb8 Qb6+ 101. Ka8 Qc6+ 102. Kb8 Qb6+ 1/2-1/2

[Event "Bay Area op"]
[Site "Santa Clara"]
[Date "2014.01.04"]
[Round "4"]
[White "Vibbert, Sean"]
[Black "Beilin, Allan"]
[Result "1-0"]
[WhiteElo "2333"]
[BlackElo "2054"]
[PlyCount "71"]
[EventDate "2014.01.02"]
[EventType "swiss"]
[EventRounds "9"]
[EventCountry "USA"]
[SourceTitle "CBM 158 Extra"]
[Source "ChessBase"]
[SourceDate "2014.02.28"]
[SourceVersion "1"]
[SourceVersionDate "2014.02.28"]
[SourceQuality "1"]

1. e4 e6 2. Nc3 d5 3. d4 Nf6 4. Bg5 dxe4 5. Nxe4 Be7 6. Bxf6 gxf6 7. g3 f5 8. Nc3 Bf6 9. Nge2 Nc6 10. d5 exd5 11. Nxd5 Bxb2 12. Rb1 Be5 13. Bg2 0-0 14. 0-0 Rb8 15. Qc1 Be6 16. Nef4 Ne7 17. c4 c6 18. Nxe7+ Qxe7 19. Re1 Bxf4 20. Qxf4 Rbc8 21. Re5 Rfd8 22. Rbe1 Qf6 23. Bh3 Rd7 24. Bxf5 Bxf5 25. Rxf5 Qd6 26. Ree5 f6 27. Rxf6 Qc7 28. Kg2 Rg7 29. h4 b5 30. h5 h6 31. Rxh6 Rf8 32. Rh8+ Kxh8 33. Qxf8+ Kh7 34. Qf5+ Kh8 35. h6 Rg8 36. Qf6+ 1-0

[Event "Los Angeles Metropolitan 22nd"]
[Site "Los Angeles"]
[Date "2012.08.18"]
[Round "9"]
[White "Beilin, Allan"]
[Black "Nilsson, Martin"]
[Result "1/2-1/2"]
[WhiteElo "1988"]
[BlackElo "2165"]
[PlyCount "38"]
[EventDate "2012.08.14"]
[EventType "swiss"]
[EventRounds "9"]
[EventCountry "USA"]
[SourceTitle "CBM 150 Extra"]
[Source "ChessBase"]
[SourceDate "2012.10.19"]
[SourceVersion "1"]
[SourceVersionDate "2012.10.19"]
[SourceQuality "1"]

1. e4 g6 2. d4 Bg7 3. Nf3 c5 4. c4 cxd4 5. Nxd4 Nc6 6. Be3 Nf6 7. Nc3 0-0 8. Be2 d6 9. Qd2 Nxd4 10. Bxd4 Bd7 11. 0-0 Bc6 12. f3 a5 13. b3 Nd7 14. Be3 Nc5 15. Rab1 e6 16. Rfc1 Be5 17. Bf1 f5 18. exf5 Rxf5 19. f4 Bg7 1/2-1/2

[Event "Los Angeles Metropolitan qual 07th"]
[Site "Los Angeles"]
[Date "2011.07.23"]
[Round "3"]
[White "Robertson, Matthew"]
[Black "Beilin, Allan"]
[Result "1/2-1/2"]
[WhiteElo "2055"]
[BlackElo "1851"]
[PlyCount "49"]
[EventDate "2011.07.22"]
[EventType "swiss"]
[EventRounds "5"]
[EventCountry "USA"]
[SourceTitle "EXT 2013"]
[Source "ChessBase"]
[SourceDate "2012.11.22"]
[SourceVersion "1"]
[SourceVersionDate "2012.11.22"]
[SourceQuality "1"]

1. d4 d5 2. c4 c6 3. Nf3 Nf6 4. e3 e6 5. Bd3 Nbd7 6. 0-0 dxc4 7. Bxc4 b5 8. Bd3 a6 9. a4 Bb7 10. Bd2 Be7 11. Qe2 0-0 12. Rc1 Rc8 13. Qe1 Qe8 14. Nc3 b4 15. Ne4 Nxe4 16. Bxe4 a5 17. Bd3 c5 18. e4 Nb6 19. Bb5 Qd8 20. dxc5 Bxc5 21. Bg5 f6 22. Be3 Qe7 23. Rxc5 Rxc5 24. Bxc5 Qxc5 25. Rc1 1/2-1/2

[Event "San Francisco TNM Summer op"]
[Site "San Francisco"]
[Date "2011.07.05"]
[Round "7"]
[White "MacIntyre, Brendan"]
[Black "Beilin, Allan"]
[Result "0-1"]
[WhiteElo "1643"]
[BlackElo "2005"]
[PlyCount "80"]
[EventDate "2011.05.24"]
[EventType "swiss"]
[EventRounds "8"]
[EventCountry "USA"]
[SourceTitle "EXT 2016"]
[Source "ChessBase"]
[SourceDate "2015.10.08"]
[SourceVersion "1"]
[SourceVersionDate "2015.10.08"]
[SourceQuality "1"]

1. d4 d5 2. c4 c6 3. Nc3 Nf6 4. Bf4 e6 5. e3 Nbd7 6. Nf3 Be7 7. Bd3 0-0 8. 0-0 dxc4 9. Bxc4 Nh5 10. Bg3 Nxg3 11. fxg3 b5 12. Bd3 a6 13. Qc2 h6 14. Ne4 Qb6 15. Rac1 Bb7 16. a3 a5 17. Nc5 Nxc5 18. dxc5 Qc7 19. b4 axb4 20. axb4 Ra4 21. Rb1 Bf6 22. Rfd1 Rfa8 23. Qe2 Bc3 24. Rdc1 Bf6 25. e4 e5 26. h3 Bc8 27. Bc2 Ra2 28. Qd3 Be6 29. Bb3 R2a3 30. Qd1 Rd8 31. Qc2 Qe7 32. Rd1 Bxb3 33. Rxb3 Ra4 34. Rb2 Rxd1+ 35. Qxd1 Rxb4 36. Rxb4 Qxc5+ 37. Rd4 exd4 38. Qd2 d3+ 39. Kf1 Qc2 40. Ke1 Bc3 0-1

[Event "San Francisco TNM Summer op"]
[Site "San Francisco"]
[Date "2010.07.13"]
[Round "8"]
[White "Beilin, Allan"]
[Black "MacIntyre, Brendan"]
[Result "1-0"]
[WhiteElo "1802"]
[BlackElo "1671"]
[PlyCount "65"]
[EventDate "2010.05.25"]
[EventType "swiss"]
[EventRounds "8"]
[EventCountry "USA"]
[SourceTitle "EXT 2012"]
[Source "ChessBase"]
[SourceDate "2011.11.24"]
[SourceVersion "1"]
[SourceVersionDate "2011.11.24"]
[SourceQuality "1"]

1. e4 c5 2. Nf3 Nc6 3. d4 cxd4 4. Nxd4 g6 5. Be3 Bg7 6. c4 Nf6 7. Nc3 d6 8. f3 0-0 9. Be2 Bd7 10. 0-0 a6 11. Rc1 Rc8 12. Qd2 Re8 13. Rfd1 Qa5 14. Nb3 Qd8 15. c5 Ne5 16. cxd6 e6 17. Nc5 Bc6 18. f4 Ned7 19. e5 Nxc5 20. exf6 Qxf6 21. Bxc5 Red8 22. Bd4 Rxd6 23. Bxf6 Rxd2 24. Rxd2 Bxf6 25. Ne4 Be7 26. Nd6 Rd8 27. Rcd1 Rb8 28. Bf3 Bxf3 29. gxf3 b5 30. Rc2 Kg7 31. Ne4 Kf8 32. Rd7 Bd8 33. Ng5 1-0

[Event "San Francisco TNM Summer op"]
[Site "San Francisco"]
[Date "2010.06.22"]
[Round "5"]
[White "Lin, Michael"]
[Black "Beilin, Allan"]
[Result "1-0"]
[WhiteElo "1974"]
[BlackElo "1802"]
[PlyCount "81"]
[EventDate "2010.05.25"]
[EventType "swiss"]
[EventRounds "8"]
[EventCountry "USA"]
[SourceTitle "EXT 2012"]
[Source "ChessBase"]
[SourceDate "2011.11.24"]
[SourceVersion "1"]
[SourceVersionDate "2011.11.24"]
[SourceQuality "1"]

1. e4 e6 2. d4 d5 3. e5 c5 4. c3 Qb6 5. Nf3 Nc6 6. a3 Bd7 7. b4 cxd4 8. cxd4 Nge7 9. Nc3 Nf5 10. Be3 Qd8 11. Bd3 Nxe3 12. fxe3 Rc8 13. Ne2 Be7 14. 0-0 f6 15. e4 dxe4 16. Bxe4 f5 17. Bc2 Qb6 18. Kh1 Nb8 19. Bb3 Bb5 20. Nf4 Bxf1 21. Qxf1 Rc3 22. Bxe6 g5 23. Nd5 Qxe6 24. Nxc3 g4 25. Ng1 0-0 26. Re1 Qb3 27. Nge2 Nc6 28. Rd1 Qxa3 29. Nd5 Qb3 30. Nef4 Bxb4 31. Nxb4 Qxb4 32. Ne6 Rf7 33. Qe2 Ne7 34. d5 Qb3 35. Nf4 Ng6 36. Nxg6 hxg6 37. e6 Re7 38. d6 Rxe6 39. Qxe6+ Qxe6 40. d7 Qxd7 41. Rxd7 1-0

[Event "San Francisco TNM Spring op"]
[Site "San Francisco"]
[Date "2010.04.27"]
[Round "7"]
[White "Klinetobe, David"]
[Black "Beilin, Allan"]
[Result "1-0"]
[WhiteElo "2017"]
[BlackElo "1808"]
[PlyCount "53"]
[EventDate "2010.03.16"]
[EventType "swiss"]
[EventRounds "8"]
[EventCountry "USA"]
[SourceTitle "EXT 2012"]
[Source "ChessBase"]
[SourceDate "2011.11.24"]
[SourceVersion "1"]
[SourceVersionDate "2011.11.24"]
[SourceQuality "1"]

1. e4 e6 2. d4 d5 3. Nd2 dxe4 4. Nxe4 Nd7 5. Nf3 Ngf6 6. Nxf6+ Nxf6 7. Bd3 Be7 8. Qe2 0-0 9. 0-0 b6 10. Bf4 Bb7 11. Rad1 h6 12. Rfe1 Bd6 13. Ne5 Qe7 14. Qd2 Rfd8 15. Bxh6 Bxe5 16. dxe5 Ne4 17. Qe3 Nxf2 18. Qg3 Nh3+ 19. gxh3 Qc5+ 20. Be3 Qc6 21. Kf2 Qe8 22. Rg1 g6 23. h4 Kh8 24. h5 Qg8 25. Bg5 Bd5 26. Bf6+ Kh7 27. hxg6+ 1-0

[Event "San Francisco TNM Spring op"]
[Site "San Francisco"]
[Date "2010.04.13"]
[Round "5"]
[White "Beilin, Allan"]
[Black "Gaffagan, Steven"]
[Result "0-1"]
[WhiteElo "1808"]
[BlackElo "2020"]
[PlyCount "54"]
[EventDate "2010.03.16"]
[EventType "swiss"]
[EventRounds "8"]
[EventCountry "USA"]
[SourceTitle "EXT 2012"]
[Source "ChessBase"]
[SourceDate "2011.11.24"]
[SourceVersion "1"]
[SourceVersionDate "2011.11.24"]
[SourceQuality "1"]

1. e4 c5 2. Nf3 e6 3. d4 cxd4 4. Nxd4 a6 5. Bd3 Nf6 6. c4 Qc7 7. Nc3 Bc5 8. Nb3 Be7 9. 0-0 d6 10. Be3 Nbd7 11. f4 b6 12. g4 Nc5 13. Nxc5 bxc5 14. g5 Nd7 15. Qh5 g6 16. Qh6 Bf8 17. Qh4 Bg7 18. Bd2 Bb7 19. Bc2 h6 20. Qg3 0-0-0 21. h4 hxg5 22. hxg5 Rh7 23. Kg2 f5 24. Rh1 Rxh1 25. Rxh1 fxe4 26. Bxe4 Bxc3 27. Bxb7+ Qxb7+ 0-1